Analýza požiarneho nebezpečenstva vyplývajúceho zo samozahrievania tuhých materiálov pomocou košíkového testu

Gespeichert in:
Bibliographische Detailangaben
1. Verfasser: Štefánik, Filip (Verfasst von)
Weitere Verfasser: Hrušovský, Ivan (Betreuung Doktorarbeit)
Format: Manuskript Buch
Sprache:Slowakisch
Veröffentlicht: 2017
Schlagworte:
Online-Zugang:http://is.stuba.sk/zp/portal_zp.pl?podrobnosti=121520
Tags: Tag hinzufügen
Keine Tags, Fügen Sie das erste Tag hinzu!

MARC

LEADER 00000ntm a22000003a 4500
001 stuzp58789
003 SK-STU
005 20170603210221.6
007 ta
008 150427s2015----xo-----f-mn---000-0-slo-d
040 |a STU  |b slo 
041 0 |a slo 
100 1 |a Štefánik, Filip  |u 065000  |k Z4  |4 aut  |U MTF Materiálovotechnologická fakulta  |T MTF Ústav integrovanej bezpečnosti  |X 45569  |U M5000  |Y 85  |7 A000045569 
242 0 1 |a Analysis of the fire hazard resulting from the self-heating of solid materials by using the basket test  |y eng 
245 1 0 |a Analýza požiarneho nebezpečenstva vyplývajúceho zo samozahrievania tuhých materiálov pomocou košíkového testu 
260 |c 2017 
650 4 |a samovznietenie  |2 slo 
650 4 |a termická analýza  |2 slo 
650 4 |a drevený prach  |2 slo 
650 4 |a horenie  |2 slo 
650 4 |a spontaneous ignition  |2 eng 
650 4 |a thermal analysis  |2 eng 
650 4 |a burning  |2 eng 
650 4 |a wood dust  |2 eng 
700 1 |a Hrušovský, Ivan  |u 065300  |k Z1  |4 ths  |U MTF Ústav integrovanej bezpečnosti  |T MTF Katedra požiarneho inžinierstva  |X 32999  |U M5300  |Y 193  |7 A000032999 
856 4 |u http://is.stuba.sk/zp/portal_zp.pl?podrobnosti=121520 
996 |c M* DP-13174  |l MMSKP  |s P  |a 0  |w stuzp58789_0001